000 00491pab a2200157 454500
008 180718b2001 xxu||||| |||| 00| 0 eng d
100 _aKratcoski, Peter C.
245 _aSummary of the Seventh international police executive symposium, `Traffic policing': an international perspective, evanston, Illinois, U.S.A., 9-12 July 2000
260 _c2001
300 _ap.3-8
650 _aTraffic police
650 _aPolice
650 _aTraffic
773 _aPolice Journal
909 _a47880
999 _c47880
_d47880